Responses for Show #6403 - Wednesday, June 20, 2012

David Menchaca game 5.

Contestants

[<< previous game]

Austin Baird, a start-up counsel from Provo, Utah

Marjorie Parker, a stay-at-home mom and freelance designer from Austin, Texas

David Menchaca, a law student originally from Long Beach, California (whose 4-day cash winnings total $91,503)

[next game >>]

Jeopardy! Round responses

UNOFFICIAL STATE NICKNAMES
ONE NIGHT WHEN I COULDN'T SLEEP...
CLASSICAL MUSIC
HERSHEY'S
HOW DO YOU GET "BY"?
I MANAGE
    $200 2
Florida

Austin
    $200 11
David Letterman

Marjorie
    $200 1
[Alex reads "J.S." in the clue as "Johann Sebastian".]
(David: Uh, what is the organ?)

a viola

DavidAustin
    $200 26
(Austin: What are nuts?)
(Alex: Nuts--be more specific.)

almonds

Austin
    $200 16
standby

David
    $200 21
Watergate

Marjorie
    $400 3
(Austin: What is Alaska?)

Colorado

MarjorieAustin
    $400 12
Marathon Man

David
    $400 7
Felix Mendelssohn

David
    $400 27
Philadelphia

Austin
    $400 17
a bypass

Marjorie
    $400 22
(Austin: Who is Yogi Berra?)

Tommy Lasorda

MarjorieAustin
    $600 4
Massachusetts

Marjorie
    $600 13
a shar-pei

Marjorie
    $600 8
songs

David
    $600 28
Pot of Gold

Austin
    $600 18
bygones

Marjorie
    $600 23
Frank Chance

Triple Stumper
    $800 5
Hawaii

Austin
    $800 14
The Lion King

David
    $800 9
the Appassionata

David
    $800 29
Twizzlers

Marjorie
    $800 19
bylaws

David
    $800 24
the Toronto Blue Jays

Triple Stumper
    $1000 6
Maryland

David
    $1000 15
Andorra

David
    $1,000 10
the Baroque era

David
    $1000 30
Reese's

Marjorie
    $1000 20
(Marjorie: What is a play-by-play?)

a blow-by-blow

MarjorieAustin
    $1000 25
(Marjorie: Who is David Justice?)
...
(Alex: Less than a minute to go now, Marjorie.)

Bobby Cox

Marjorie
Triple Stumper

Scores at the first commercial break (after clue 14):

David Marjorie Austin
$4,800 $1,800 $800

Scores at the end of the Jeopardy! Round:

David Marjorie Austin
$6,800 $3,200 $2,600

Double Jeopardy! Round responses

THE LEAGUE OF NATIONS
1-WORD FILM QUOTES
(Alex: You give me the film.)
ZEUS YOUR DADDY
A BIT OF BRIT LIT
COMPLETE THE ANIMAL PHRASE
(Alex: Clues from...)
FIRST LADY MICHELLE OBAMA
    $400 1
Paris

David
    $400 2
Ferris Bueller's Day Off

David
    $400 11
Aphrodite

Austin
    $400 16
(Austin: Who is Austen?)
(Marjorie: Who is Blon--Brontë? Elizabeth... Elizabeth Brontë.)
(David: Who is Emily Brontë?)

Charlotte Brontë

DavidMarjorieAustin
Triple Stumper
    $400 30
mice

David
    $400 21
(Jill) Biden

Austin
    $800 5
secretary-general

Marjorie
    $800 3
Star Trek II: The Wrath of Khan

David
    $800 12
Hermes

David
    $800 17
Jane Austen

David
    $800 25
gray mare

David
    $800 26
the people's house

Marjorie
    $1200 9
(Marjorie: What is Norway?)

Finland

Marjorie
Triple Stumper
    $1200 4
Animal House

Austin
    $2,500 13
Castor & Pollux

David
    $1200 18
the metaphysical poets

David
    $1200 22
a cat

Austin
    $1,600 27
(Alex: Say something.)
(Marjorie: Martin Luther King's speech on the Washington Monument? Or...)
(Alex: Oh, gosh. [*], [*] speech. You were so close. Sorry we can't give it to you, though.)

"I Have a Dream"

Marjorie
    $1600 8
(Marjorie: What is cholera?)

leprosy

Marjorie
Triple Stumper
    $1600 6
Dog Day Afternoon

David
    $1600 14
Athena

David
    $1600 19
Collins

David
    $1600 23
swallow

Triple Stumper
    $1600 28
a Portuguese water dog

Austin
    $2000 10
the Jordan

Austin
    $2000 7
Red Dawn

Austin
    $2000 15
Perseus

David
    $2000 20
the Venerable Bede

Triple Stumper
    $2000 24
camel

Triple Stumper
    $2000 29
AmeriCorps

David

Scores at the end of the Double Jeopardy! Round:

David Marjorie Austin
$23,300 $0 $11,000
(lock game)

[wagering suggestions for these scores]

Final Jeopardy! Round responses

2011 MUSICMAKERS
AustinWho are Adele + Rihanna?
$5,500
DavidWho are Rhianna & Adele?
$700
Adele & Rihanna

Final scores:

David Marjorie Austin
$24,000 $0 $16,500
5-day champion: $115,503 3rd place: $1,000 2nd place: $2,000

Game dynamics:

Coryat scores:

David Marjorie Austin
$22,000 $1,600 $11,000
24 R
(including 2 DDs),
2 W
12 R,
6 W
(including 1 DD)
14 R,
3 W

Combined Coryat: $34,600

[game clues] [game scores] [suggest correction]

Game tape date: 2012-02-14
The J! Archive is created by fans, for fans. Scraping, republication, monetization, and malicious use prohibited; this site may use cookies and collect identifying information. See terms. The Jeopardy! game show and all elements thereof, including but not limited to copyright and trademark thereto, are the property of Jeopardy Productions, Inc. and are protected under law. This website is not affiliated with, sponsored by, or operated by Jeopardy Productions, Inc. Join the discussion at JBoard.tv.